01428nam a2200361Ia 4500001001200000003000800012006001900020007001500039008004100054010001700095020001800112020001500130020001800145020001500163040002100178035002100199050002500220245009000245260005800335300002400393500013400417504005100551533015200602650001900754650002600773655002900799700002600828700002500854710001700879730002900896856012600925999001501051ebr10280045CaPaEBRm u cr cn|||||||||080923s2009 mnua sb 001 0 eng d z 2008042230 z9780816656387 z081665638X z9780816656394 z0816656398 aCaPaEBRcCaPaEBR a(OCoLC)64680149614aNA9040b.U677 2009eb00aUrban designh[electronic resource] /cAlex Krieger and William S. Saunders, editors. aMinneapolis :bUniversity of Minnesota Press,cc2009. axix, 368 p. :bill. a"Most of the essays published here previously appeared in Harvard design magazine, Harvard University Graduate School of Design". aIncludes bibliographical references and index. aElectronic reproduction.bPalo Alto, Calif. :cebrary,d2009.nAvailable via World Wide Web.nAccess may be limited to ebrary affiliated libraries. 0aCity planning. 0aArchitectural design. 7aElectronic books.2local1 aKrieger, Alex,d1951-1 aSaunders, William S.2 aebrary, Inc.0 aHarvard design magazine.40uhttp://site.ebrary.com/lib/rucke/Doc?id=10280045zAn electronic book accessible through the World Wide Web; click to view c4028d4028